Teams that Son Heung-min Has Played For - Statistics

General Stats
  • This quiz has been taken 315 times
    81 since last reset
  • The average score is 4 of 6
Answer Stats
Year(s) Apps Goals Team % Correct
2015-2025 333 127 Tottenham Hotspur
100%
2025- 1 0 Los Angeles FC
78%
2013-2015 62 21 Bayer Leverkusen
77%
2010-2013 73 20 Hamburger SV
77%
2010- 134 51 South Korea
69%
2010 6 1 Hamburger SV II
15%
No matching quizzes found
Score Distribution
Percent of People with Each Score
Percentile by Number Answered
Your Score History
You have not taken this quiz since the last reset